| 000 | 00393 a2200133 4500 | ||
|---|---|---|---|
| 001 | 87806 | ||
| 082 | _aPR 183 | ||
| 090 |
_c41268 _d41268 |
||
| 100 | _aMuhammad Naeem Khan, Plt Off 15655 71EC | ||
| 245 | _aAnalysis of fuel system of JF-17 aircraft using flowmaster software | ||
| 260 |
_aRisalpur _bNUST Risalpur _c2011 |
||
| 300 |
_ax, 44p. _eAbid Ali, Gp Capt |
||
| 500 | _aBE Project Reports | ||
| 942 |
_aCAE NUST _kPR 183 |
||
| 999 |
_c322879 _d322879 |
||